Bernard Mandeville's "A modest defence of publick stews" (Record no. 201066)
[ view plain ]
| 000 -LEADER | |
|---|---|
| fixed length control field | 01725nam a22003854a 4500 |
| 082 04 - DEWEY DECIMAL CLASSIFICATION NUMBER | |
| Classification number | 306.74/20942 |
| 100 0# - MAIN ENTRY--AUTHOR NAME | |
| Personal name | Phil-Porney. |
| 245 10 - TITLE STATEMENT | |
| Title | Bernard Mandeville's "A modest defence of publick stews" |
| 250 ## - EDITION STATEMENT | |
| Edition statement | 1st ed. |
| 260 ## - PUBLICATION, DISTRIBUTION, ETC. (IMPRINT) | |
| Place of publication | New York : |
| Name of publisher | Palgrave Macmillan, |
| Year of publication | 2006. |
| 300 ## - PHYSICAL DESCRIPTION | |
| Number of Pages | vi, 208 p. |
| 500 ## - GENERAL NOTE | |
| General note | Originally published: A modest defence of publick stews, or, An essay upon whoring, as it is now practis'd in these kingdoms / written by a layman. London : Printed by A. Moore near St. Paul's, 1724. Dedication is signed: Phil-Porney. |
| 650 #0 - SUBJECT ADDED ENTRY--TOPICAL TERM | |
| Topical Term | Prostitution |
| 700 1# - ADDED ENTRY--PERSONAL NAME | |
| Personal name | Mandeville, Bernard, |
| Personal name | Primer, Irwin. |
| 856 40 - ELECTRONIC LOCATION AND ACCESS | |
| Uniform Resource Identifier | http://site.ebrary.com/lib/rucke/Doc?id=10155132 |
No items available.
